Loading...

Questioning gender: sociological exploration/

Bibliografiske detaljer
Hovedforfatter: Robyn Ryle
Format: Printed Book
Udgivet: London: Sage, 2014.
Udgivelse:2nd.
Fag:
LEADER 00645nam a22001937a 4500
020 |a 978145227864 
082 |a 305.3  |b ROB/Q 
100 |a Robyn Ryle  |9 177787 
245 |a Questioning gender:  |b sociological exploration/  |c by Robyn Ryle. 
250 |a 2nd. 
260 |a London:  |b Sage,  |c 2014. 
300 |a 551p. 
650 |a Sex Differences  |9 177788 
650 |a Gender Identity  |9 177789 
650 |a Sex Discrimination  |9 177790 
650 |a Social Sciences  |9 177791 
942 |c BK 
999 |c 142796  |d 142796 
952 |0 0  |1 0  |4 0  |6 R_305_300000000000000_ROB_Q  |7 0  |9 99014  |a SSUS  |b SSUS  |c REF  |d 2019-09-19  |g 6561.00  |o R 305.3 ROB/Q  |p 095988  |r 2019-09-19  |w 2019-09-19  |y REF